000 03779nab a2200349 i 4500
003 BR-BrBNA
005 20250917164127.0
008 250917b2022 bl.qr|pooa||| 00| 0 eng |
040 _aBR-BrBNA
_beng
072 _aF01
_b2322
100 _aGonçalves, Aline NS
100 _aMatsumoto, Sylvana N
100 _aRamos, Paula Acácia S
100 _aMatos, Paula S
100 _aSilva, Tâmara M
100 _aPereira, Luanna F
100 _aViana, Anselmo Eloy S
100 _aBrito, Carmem LL
100 _aLeite, Suzany A
245 _aInhibitor of gibberellin biosynthesis in ornamental peppers
500 _a Publicação online; 27 ref.; 3 illus.; 1 table; Summaries (En, Pt)
520 _a ABSTRACT: The objective of this study was to evaluate whether the inhibition of gibberellin biosynthesis affects the orphophysiological traits of potted ornamental Capsicum baccatum and Capsicum annuum growing under shade house conditions. Plants maintained in 2.7 L pots were arranged in a completely randomized design in a 2x4 factorial consisting of two pepper cultivars Chapéu-de-frade (C. baccatum) and Vulcão (C. annuum) and four paclobutrazol (PBZ) concentrations (0, 25, 50, and 75 mg L-1) with four replicates. At 30, 45, and 60 days after treatment, the plants were analyzed, and data were submitted to the analysis of general and regression variance. Gibberellin biosynthesis inhibition affected the morphophysiological and biochemical evaluations. For most evaluated traits, no interaction between factors was observed, suggesting that both pepper cultivars had a similar response to the growth regulator. PBZ-induced inhibition of gibberellin biosynthesis improved plant water status, which enhanced the vigor of potted pepper plants. The dramatic reduction of upper leaves promoted by plant growth regulators compared to basal ones negatively impacted the visual ornamental aspect of Chapéu-de-frade peppers. Keywords: Capsicum annuum, C. baccatum v. pendulum, paclobutrazol, plant growth regulator, ornamental value
520 _a RESUMO: O objetivo deste estudo foi avaliar se a inibição da biossíntese de giberelinas afeta as características morfofisiológicas das espécies Capsicum baccatum e Capsicum annuum destinadas ao uso ornamental, cultivadas em vasos em casa de vegetação. As plantas foram conduzidas em vaso de 2,7 L em casa de vegetação, organizadas em delineamento inteiramente casualizado, com esquema fatorial 2x4 constituído por duas variedades de pimenteiras “Chapéu-defrade” (C. baccatum) e “Vulcão” (C. annuum) e 4 concentrações de paclobutrazol (PBZ) (0; 25; 50 e 75 mg L-1) e quatro repetições. Aos 30, 45 e 60 dias após a aplicação do inibidor foram realizadas avaliações. A restrição da biossíntese de giberelinas promove alterações morfológicas que elevam a longevidade e vigor de folhas, e induz um status hídrico que favorece o vigor das pimenteiras envasadas. Para a cv. Chapéu-de-frade, a drástica redução do limbo foliar na parte superior resultante da ação do regulador vegetal em relação a base da copa, resultou em uma copa com menor atributo ornamental. Palavras-chave: Capsicum annuum, C. baccatum v. pendulum, paclobutrazol, regulador de crescimento, valor ornamental.
650 _aPIMENTA
650 _aPLANTA ORNAMENTAL
650 _aBIOSSÍNTESE
650 _aREGULADOR DE CRESCIMENTO
773 0 _01047
_9357914
_dBrasília-DF Sociedade de Olericultura do Brasil 1983
_o2025-5879
_tHorticultura Brasileira (Brazil)
_x0102-0536
_gv. 40(1) p. 48-55; (2022)
_wBR2025001995
856 _uhttps://www.scielo.br/j/hb/a/TYyMm3fF3K47Nvjn8SLCYfx/?format=pdf&lang=en
942 _cANA
999 _c338231
_d338231